000 00523nam a2200157Ia 4500
008 230907s9999||||xx |||||||||||||| ||und||
082 _a624.1
_bFAS
100 _aFasiha Zainab (00000273472)
_9116526
245 3 _aAn Optimal Joint Planning of DGs and EV Charging Stations in Grid-Connected and Islanded Microgrids /
260 _aUSPCAS-E, NUST,
_bIslamabad :
_c2020
300 _axiv, 41 p.
520 _aTH-225
650 _aMS-EEP Thesis MS Thesis
700 _aDr Hassan Abdullah Khalid
_928912
942 _cTHE
_2ddc
999 _c601904
_d601904